Ảnh hưởng của CO2, nhiệt độ và Nitrit lên sự cân bằng axit bazơ và các chỉ tiêu sinh lý máu của lươn đồng Monopterus albus (Zuiew, 1793) : Luận án Tiến sĩ. Chuyên ngành Nuôi trồng thủy sản

Nghiên cứu nhằm cung cấp cơ sở khoa học về cơ chế điều hào axit bazơ trong máu lươn dưới tác động riêng lẻ và kết hợp của CO2, nhiệt độ và nitrit tăng cao; khảo sát sự thay đổi sinh lý của lươn đồng dưới những tác động của điều kiện...

詳細記述

保存先:
書誌詳細
第一著者: Phan, Vĩnh Thịnh
フォーマット: 図書
言語:Undetermined
出版事項: Cần Thơ Trường Đại học Cần Thơ 2019
主題:
タグ: タグ追加
タグなし, このレコードへの初めてのタグを付けませんか!
Thư viện lưu trữ: Trung tâm Học liệu Trường Đại học Cần Thơ
LEADER 01313nam a2200217Ia 4500
001 CTU_232463
008 210402s9999 xx 000 0 und d
082 |a 639.3743 
082 |b Th312 
088 |a 9620301 
100 |a Phan, Vĩnh Thịnh 
245 0 |a Ảnh hưởng của CO2, nhiệt độ và Nitrit lên sự cân bằng axit bazơ và các chỉ tiêu sinh lý máu của lươn đồng Monopterus albus (Zuiew, 1793) : 
245 0 |b Luận án Tiến sĩ. Chuyên ngành Nuôi trồng thủy sản 
245 0 |c Phan Vĩnh Thịnh ; Nguyễn Thanh Phương, Tobias Wang (Cán bộ hướng dẫn) 
260 |a Cần Thơ 
260 |b Trường Đại học Cần Thơ 
260 |c 2019 
520 |a Nghiên cứu nhằm cung cấp cơ sở khoa học về cơ chế điều hào axit bazơ trong máu lươn dưới tác động riêng lẻ và kết hợp của CO2, nhiệt độ và nitrit tăng cao; khảo sát sự thay đổi sinh lý của lươn đồng dưới những tác động của điều kiện sống như trên 
650 |a Nuôi trồng thuỷ sản,Aquaculture 
910 |b nthai 
980 |a Trung tâm Học liệu Trường Đại học Cần Thơ